[Event "St Petersburg-ch Seniors"]
[Site "St Petersburg"]
[Date "2012.02.01"]
[Round "5"]
[White "Pavlov, Anatoli A"]
[Black "Vikulin, Alexander A"]
[Result "1-0"]
[WhiteElo "2130"]
[BlackElo "1733"]
[PlyCount "55"]
[EventDate "2012.01.27"]
[EventType "swiss"]
[EventRounds "9"]
[EventCountry "RUS"]
[SourceTitle "EXT 2013"]
[Source "ChessBase"]
[SourceDate "2012.11.22"]
[SourceVersion "1"]
[SourceVersionDate "2012.11.22"]
[SourceQuality "1"]

1. e4 d6 2. Nf3 g6 3. Bc4 Bg7 4. Nc3 c6 5. 0-0 Qc7 6. d4 b5 7. Bb3 e6 8. d5 b4 9. Ne2 e5 10. dxc6 Nf6 11. Ng3 0-0 12. h3 Nxc6 13. a3 bxa3 14. Rxa3 d5 15. exd5 Rd8 16. c4 Na5 17. Bd2 Nb7 18. Re1 Nd7 19. Ne4 f5 20. d6 Qb8 21. c5+ Kh8 22. Neg5 Ndxc5 23. Nf7+ Kg8 24. Nxd8+ Kf8 25. Nxb7 Bxb7 26. Bb4 Bxf3 27. Bxc5 Bxd1 28. d7+ 1-0

[Event "Tosno Gubernator Cup Lenregion op"]
[Site "Tosno"]
[Date "2009.09.27"]
[Round "7"]
[White "Panov, Evgeny"]
[Black "Pavlov, Anatoli A"]
[Result "1-0"]
[WhiteElo "1919"]
[BlackElo "2141"]
[PlyCount "120"]
[EventDate "2009.09.24"]
[EventType "swiss"]
[EventRounds "9"]
[EventCountry "RUS"]
[SourceTitle "EXT 2022"]
[Source "ChessBase"]
[SourceDate "2021.10.06"]
[SourceVersion "1"]
[SourceVersionDate "2021.10.06"]
[SourceQuality "1"]

1. e4 c5 2. Nf3 Nc6 3. d4 cxd4 4. Nxd4 Qc7 5. Nc3 e6 6. Be2 a6 7. 0-0 d6 8. Kh1 Be7 9. f4 Nxd4 10. Qxd4 Bf6 11. Qd3 Bd7 12. a4 Bc6 13. Bf3 Rc8 14. Be3 Be7 15. a5 Nf6 16. g4 d5 17. exd5 Nxd5 18. Nxd5 Bxd5 19. Bxd5 exd5 20. Qxd5 0-0 21. c3 Rcd8 22. Qe4 Bc5 23. Bxc5 Qxc5 24. Qg2 Rd7 25. Rfd1 Rfd8 26. Rxd7 Rxd7 27. Re1 h6 28. g5 h5 29. Qf3 g6 30. b4 Qf5 31. Qe4 Qh3 32. Qe3 Qg4 33. Qe2 Qh3 34. c4 Kh7 35. Qe3 Qf5 36. Qe4 Qg4 37. Rg1 Rd1 38. Rxd1 Qxd1+ 39. Kg2 Qd2+ 40. Kh3 Qxb4 41. f5 gxf5 42. Qxf5+ Kg8 43. Qd5 Qb1 44. Kh4 Qc2 45. h3 Kg7 46. Qe5+ Kg8 47. Kxh5 Qh7+ 48. Kg4 Qb1 49. Qd5 Kh7 50. Qd4 Kg8 51. h4 Qe1 52. Kh5 Kh7 53. Qd7 Qe2+ 54. Qg4 Qe5 55. Qf3 Qe6 56. c5 Kg8 57. Qf6 Qe4 58. g6 Qe2+ 59. Kh6 Qe3+ 60. Qg5 Qe6 1-0

[Event "Northwest-ch Seniors"]
[Site "Kirishi"]
[Date "2009.01.21"]
[Round "6"]
[White "Pavlov, Anatoli A"]
[Black "Semenov, Vladimir"]
[Result "0-1"]
[WhiteElo "2174"]
[BlackElo "2038"]
[PlyCount "62"]
[EventDate "2009.01.16"]
[EventType "swiss"]
[EventRounds "9"]
[EventCountry "RUS"]
[SourceTitle "EXT 2010"]
[Source "ChessBase"]
[SourceDate "2010.11.25"]
[SourceVersion "1"]
[SourceVersionDate "2010.11.25"]
[SourceQuality "1"]

1. e4 d6 2. d4 Nf6 3. Nc3 e6 4. g3 Nbd7 5. Bg2 c5 6. Nge2 cxd4 7. Nxd4 a6 8. 0-0 Qc7 9. Re1 Be7 10. Kh1 h5 11. Bg5 Ng4 12. Be3 Nxe3 13. Rxe3 Ne5 14. Re1 Bd7 15. h3 0-0-0 16. Nce2 Kb8 17. b3 g5 18. c4 Rdg8 19. Rc1 Qd8 20. f4 gxf4 21. gxf4 Ng6 22. Nf3 Qc7 23. Qd2 Rg7 24. Ned4 Rhg8 25. Re2 e5 26. fxe5 dxe5 27. Nf5 Bxf5 28. exf5 Nf4 29. Rxe5 Nxg2 30. Rg1 Bc5 31. Rd1 Rg3 0-1

[Event "Northwest-ch Seniors"]
[Site "Kirishi"]
[Date "2009.01.19"]
[Round "4"]
[White "Stebunov, Alexander A"]
[Black "Pavlov, Anatoli A"]
[Result "0-1"]
[WhiteElo "2011"]
[BlackElo "2174"]
[PlyCount "142"]
[EventDate "2009.01.16"]
[EventType "swiss"]
[EventRounds "9"]
[EventCountry "RUS"]
[SourceTitle "EXT 2010"]
[Source "ChessBase"]
[SourceDate "2010.11.25"]
[SourceVersion "1"]
[SourceVersionDate "2010.11.25"]
[SourceQuality "1"]

1. e4 d6 2. Nc3 e5 3. f4 Nc6 4. Nf3 Nf6 5. Bc4 Be7 6. 0-0 Bg4 7. h3 Bxf3 8. Qxf3 Nd4 9. Qd1 c6 10. d3 b5 11. Bb3 a5 12. a4 Nxb3 13. cxb3 b4 14. Ne2 Qb6+ 15. Kh2 h5 16. g3 h4 17. g4 exf4 18. Bxf4 g5 19. Bxg5 Nxg4+ 20. hxg4 Bxg5 21. Rf3 f6 22. Qg1 Qc7 23. Kh3 0-0 24. Qd4 Rae8 25. Nf4 Kh7 26. Raf1 Re5 27. Ng2 Kg7 28. Nf4 Qe7 29. Qf2 d5 30. Nh5+ Kg6 31. Nf4+ Kh6 32. exd5 cxd5 33. Qd4 f5 34. Ng2 fxg4+ 35. Qxg4 Rxf3+ 36. Qxf3 Kg7 37. Qg4 Kh6 38. Qf3 Qe6+ 39. Qg4 Qxg4+ 40. Kxg4 h3 41. Rh1 Re2 42. Rxh3+ Kg6 43. Nf4+ Bxf4 44. Kxf4 Rxb2 45. d4 Re2 46. Rd3 Re4+ 47. Kf3 Kf5 48. Rd1 Rg4 49. Rd2 Rh4 50. Kg3 Rh1 51. Re2 Rg1+ 52. Kf2 Rb1 53. Re5+ Kf4 54. Rxd5 Rb2+ 55. Kg1 Ke4 56. Rxa5 Kxd4 57. Rb5 Kc3 58. a5 Ra2 59. Kf1 Kxb3 60. Ke1 Kc4 61. Rb8 Rxa5 62. Kd2 Kb3 63. Rb7 Rc5 64. Rb8 Ka3 65. Ra8+ Kb2 66. Rb8 Rd5+ 67. Ke3 b3 68. Ke2 Kc2 69. Rc8+ Kb1 70. Ra8 b2 71. Ra7 Kc2 0-1

[Event "Northwest-ch Seniors"]
[Site "Kirishi"]
[Date "2009.01.17"]
[Round "2"]
[White "Pavlov, Anatoli A"]
[Black "Melkonyan, Leonard"]
[Result "0-1"]
[WhiteElo "2174"]
[BlackElo "2260"]
[PlyCount "90"]
[EventDate "2009.01.16"]
[EventType "swiss"]
[EventRounds "9"]
[EventCountry "RUS"]
[SourceTitle "EXT 2010"]
[Source "ChessBase"]
[SourceDate "2010.11.25"]
[SourceVersion "1"]
[SourceVersionDate "2010.11.25"]
[SourceQuality "1"]

1. e4 c6 2. Nc3 d5 3. Qf3 Nf6 4. e5 Nfd7 5. d4 e6 6. Qg3 c5 7. dxc5 Nc6 8. Nf3 Nxc5 9. Bb5 a6 10. Bxc6+ bxc6 11. 0-0 Rb8 12. b3 a5 13. Be3 g6 14. Bg5 Be7 15. Bh6 Qb6 16. a3 Nd7 17. Qf4 Qc5 18. Qd2 Qa7 19. Rfe1 Bf8 20. Bxf8 Rxf8 21. Rad1 Qc5 22. a4 Rb4 23. h3 h6 24. Na2 Rb6 25. Rb1 g5 26. c3 Qa3 27. Nc1 Ba6 28. Nd4 Ke7 29. Nc2 Qc5 30. Nd4 Rfb8 31. Nd3 Bxd3 32. Qxd3 Ke8 33. Qe3 Qf8 34. Ra1 Nc5 35. b4 axb4 36. cxb4 Rxb4 37. Nxc6 Rb3 38. Qe2 R8b6 39. Nd4 Rb2 40. Qe3 Ne4 41. a5 Rb8 42. a6 Qc5 43. Rec1 Qa7 44. Qa3 Qxd4 45. Rf1 Qa7 0-1

[Event "Northwest-ch Seniors"]
[Site "Petrozavodsk"]
[Date "2008.01.28"]
[Round "8"]
[White "Melkonyan, Leonard"]
[Black "Pavlov, Anatoli A"]
[Result "1-0"]
[WhiteElo "2260"]
[BlackElo "2174"]
[PlyCount "49"]
[EventDate "2008.01.21"]
[EventType "swiss"]
[EventRounds "9"]
[EventCountry "RUS"]
[SourceTitle "EXT 2010"]
[Source "ChessBase"]
[SourceDate "2010.11.25"]
[SourceVersion "1"]
[SourceVersionDate "2010.11.25"]
[SourceQuality "1"]

1. d4 d5 2. c4 c6 3. Nf3 Nf6 4. cxd5 cxd5 5. Nc3 e6 6. Bf4 a6 7. e3 Nc6 8. Rc1 Be7 9. Bd3 Bd6 10. Bg3 Bxg3 11. hxg3 Bd7 12. Ne5 Qa5 13. Nxd7 Nxd7 14. Qg4 Kf8 15. Qf4 Qb4 16. a3 Qe7 17. b4 g5 18. Qc7 Nf6 19. Qb6 Nd8 20. Na4 Ne8 21. Rxh7 Rxh7 22. Bxh7 a5 23. Nc5 axb4 24. Qxb4 f5 25. Nd7+ 1-0

[Event "Northwest-ch Seniors"]
[Site "Petrozavodsk"]
[Date "2008.01.24"]
[Round "4"]
[White "Pavlov, Anatoli A"]
[Black "Marinin, Viktor"]
[Result "1-0"]
[WhiteElo "2174"]
[BlackElo "2020"]
[PlyCount "61"]
[EventDate "2008.01.21"]
[EventType "swiss"]
[EventRounds "9"]
[EventCountry "RUS"]
[SourceTitle "EXT 2010"]
[Source "ChessBase"]
[SourceDate "2010.11.25"]
[SourceVersion "1"]
[SourceVersionDate "2010.11.25"]
[SourceQuality "1"]

1. e4 d6 2. d4 g6 3. Bc4 Bg7 4. c3 c6 5. Bb3 Nf6 6. Nd2 0-0 7. Ngf3 Qc7 8. e5 Nd5 9. exd6 exd6 10. 0-0 Nd7 11. Bxd5 cxd5 12. Re1 Nf6 13. Nf1 h6 14. Bf4 Nh5 15. Bd2 f5 16. Qb3 Qf7 17. Re2 Be6 18. Rae1 Rfe8 19. Qa3 Bf8 20. b3 a6 21. Qb4 Rac8 22. Bc1 Nf6 23. N3d2 Ne4 24. Nb1 Qd7 25. a4 Bg7 26. f3 Nf6 27. Bf4 Bf8 28. Bc1 Rc7 29. a5 g5 30. g3 Qg7 31. Rxe6 1-0